Estructura económica colombiana / (Registro nro. 8544)

Detalles MARC
000 -LEADER
fixed length control field 01555nam a2200241Ia 4500
003 - CONTROL NUMBER IDENTIFIER
control field OSt
005 - DATE AND TIME OF LATEST TRANSACTION
control field 20210909153740.0
008 - FIXED-LENGTH DATA ELEMENTS--GENERAL INFORMATION
fixed length control field 210310t2000 ck ad fr 001 0 spa d
020 ## - INTERNATIONAL STANDARD BOOK NUMBER
International Standard Book Number 9584101013
040 ## - CATALOGING SOURCE
Original cataloging agency CO-JMCR
Transcribing agency CO-JMCR
041 0# - LANGUAGE CODE
Language code of text/sound track or separate title spa
082 04 - DEWEY DECIMAL CLASSIFICATION NUMBER
Classification number 330.9861 /
Item number A662e5
Edition number 23
100 1# - MAIN ENTRY--PERSONAL NAME
Personal name Arango Londoño, Gilberto,
9 (RLIN) 17581
Relator term autor
245 10 - TITLE STATEMENT
Title Estructura económica colombiana /
Statement of responsibility, etc. Gilberto Arango Londoño
250 ## - EDITION STATEMENT
Edition statement Novena edición
260 ## - PUBLICATION, DISTRIBUTION, ETC.
Place of publication, distribution, etc. Bogotá :
Name of publisher, distributor, etc. McGrawHill,
Date of publication, distribution, etc. ©2000
300 ## - PHYSICAL DESCRIPTION
Extent xii, 516 páginas :
Other physical details ilustraciones y gráficas a blanco y negro ;
Dimensions 23 cm.
500 ## - GENERAL NOTE
General note Incluye índice analítico y notas a pie de página.
505 0# - FORMATTED CONTENTS NOTE
Formatted contents note Conceptos básicos -- Aspectos de la situación demográfica colombiana -- La estructura agraria -- La producción agropecuaria -- El café -- Recursos naturales: sector energético -- Recursos naturales: sector minero -- El sector manufacturero -- Sector de servicios: comercio, transportes y comunicaciones -- El comercio exterior y el régimen cambiario -- El arancel aduanero -- Deuda externa -- Las inversiones extranjeras en Colombia -- La integración económica -- El ahorro Nacional -- El sector financiero -- El Banco de la República -- El presupuesto nacional -- Inflación, salarios y control de precios -- Economía informal y subterránea -- El sector de la construcción -- El problema educacional -- La salud -- La planeación económica
651 #4 - SUBJECT ADDED ENTRY--GEOGRAPHIC NAME
Geographic name Colombia
General subdivision Condiciones económicas
9 (RLIN) 7526
651 #4 - SUBJECT ADDED ENTRY--GEOGRAPHIC NAME
Geographic name Colombia
General subdivision Política económica
9 (RLIN) 6872
942 ## - ADDED ENTRY ELEMENTS (KOHA)
Source of classification or shelving scheme Dewey Decimal Classification
Koha item type Books
Existencias
Withdrawn status Lost status Source of classification or shelving scheme Damaged status Not for loan Collection code Home library Current library Date acquired Source of acquisition Total Checkouts Full call number Barcode Date last seen Date last checked out Copy number Koha item type
    Dewey Decimal Classification     Non-fiction Biblioteca Pública José María del Castillo y Rada Biblioteca Pública José María del Castillo y Rada 04/15/2018 Donación 1 330.9861 / A662e5 430006205 10/08/2025 10/08/2025 Ej.1 Books